Sadako and the thousand paper cranes / (Record no. 2189)

MARC details
000 -LEADER
fixed length control field 01500cam a22003855a 4500
005 - DATE AND TIME OF LATEST TRANSACTION
control field 20231108151635.0
020 ## - INTERNATIONAL STANDARD BOOK NUMBER
International Standard Book Number 9780736227872
020 ## - INTERNATIONAL STANDARD BOOK NUMBER
International Standard Book Number 0736227873
040 ## - CATALOGING SOURCE
Original cataloging agency DLC
Transcribing agency DLC
Language of cataloging eng
050 00 - LIBRARY OF CONGRESS CALL NUMBER
Classification number PE1121
Item number .C568 1999
082 ## - DEWEY DECIMAL CLASSIFICATION NUMBER
Edition number 362.7819615509
100 1# - MAIN ENTRY--PERSONAL NAME
Personal name Coerr, Eleanor
245 10 - TITLE STATEMENT
Title Sadako and the thousand paper cranes /
Statement of responsibility, etc. by Eleanor Coerr ; paintings by Ronald Himler.
250 ## - EDITION STATEMENT
Edition statement First Scholastic printing, January 2000
260 ## - PUBLICATION, DISTRIBUTION, ETC.
Place of publication, distribution, etc. New York :
Name of publisher, distributor, etc. Scholastic,
Date of publication, distribution, etc. 1977
300 ## - PHYSICAL DESCRIPTION
Extent 76 pages :
Other physical details illustrations
Dimensions 20 cm
490 0# - SERIES STATEMENT
Series statement Inside/Inzone Books.
500 ## - GENERAL NOTE
General note Grades 6-8.
500 ## - GENERAL NOTE
General note Reading level: Grades 1-3
500 ## - GENERAL NOTE
General note Reprint. Originally published in 1977.
500 ## - GENERAL NOTE
General note Formally referred to as The Exchange series
505 0# - FORMATTED CONTENTS NOTE
Formatted contents note M
520 ## - SUMMARY, ETC.
Summary, etc. Hospitalized with the dreaded atom bomb disease, leukemia, a child in Hiroshima races against time to fold one thousand paper cranes to verify the legend that by doing so a sick person will become healthy.
521 ## - TARGET AUDIENCE NOTE
Target audience note 690
Source Lexile
521 ## - TARGET AUDIENCE NOTE
Target audience note M
Source Raz-Plus
650 #0 - SUBJECT ADDED ENTRY--TOPICAL TERM
Topical term or geographic name entry element Readers (Secondary)
650 #0 - SUBJECT ADDED ENTRY--TOPICAL TERM
Topical term or geographic name entry element Reading comprehension
Form subdivision Juvenile literature.
650 #0 - SUBJECT ADDED ENTRY--TOPICAL TERM
Topical term or geographic name entry element English language
Form subdivision Textbooks for foreign speakers
-- Juvenile literature.
650 #0 - SUBJECT ADDED ENTRY--TOPICAL TERM
Topical term or geographic name entry element Leukemia in children
Form subdivision Juvenile literature.
650 #0 - SUBJECT ADDED ENTRY--TOPICAL TERM
Topical term or geographic name entry element Atomic bomb
General subdivision Physiological effect
Form subdivision Juvenile literature.
700 1# - ADDED ENTRY--PERSONAL NAME
Personal name Himler, Ronald
Relator term illustrator
906 ## - LOCAL DATA ELEMENT F, LDF (RLIN)
a 0
b ibc
c origres
d 2
e ncip
f 20
g y-gencatlg
942 ## - ADDED ENTRY ELEMENTS (KOHA)
Source of classification or shelving scheme Dewey Decimal Classification
Koha item type Books
Suppress in OPAC No
999 ## -
-- 2189
-- 2189
Holdings
Withdrawn status Lost status Source of classification or shelving scheme Damaged status Not for loan Collection Home library Current library Shelving location Date acquired Total Checkouts Full call number Barcode Date last seen Date last checked out Price effective from Koha item type
    Dewey Decimal Classification     Juvenile Fiction Footprints International School Library Network Toul Kork Campus Footprints International School Library Network Toul Kork Campus   11/08/2023 1 COE 362.7819615509 PE1121 FISTK00411 01/12/2024 11/22/2023 11/08/2023 Books